Enchanted rendezvous : John C. Houbolt and the genesis of the lunar-orbit rendezvous concept /

Bibliographic Details
Main Author: Hansen, James R.
Corporate Author: United States. National Aeronautics and Space Administration. History Office
Format: Government Document Book
Language:English
Published: [Washington, D.C.] : [NASA History Office], [1999]
Edition:[1999 ed.].
Series:Monographs in aerospace history ; no. 4.
Subjects:
Online Access:https://purl.fdlp.gov/GPO/LPS70219

MARC

Tag First Indicator Second Indicator Subfields
LEADER 00000cam a2200000Ka 4500
001 in00002197721
005 20211202204246.0
006 m d f
008 060525s1999 dcua sb f000 0 eng d
035 |a (OCoLC)ocm69343822 
040 |a GPO  |c GPO  |d MvI  |d UtOrBLW 
043 |a zmo---- 
049 |a WWW 
074 |a 0830-C (online) 
086 0 |a NAS 1.2:EN 1/999 
100 1 |a Hansen, James R. 
245 1 0 |a Enchanted rendezvous :  |b John C. Houbolt and the genesis of the lunar-orbit rendezvous concept /  |c by James R. Hansen. 
246 3 0 |a John C. Houbolt and the genesis of the lunar-orbit rendezvous concept 
250 |a [1999 ed.]. 
264 1 |a [Washington, D.C.] :  |b [NASA History Office],  |c [1999] 
300 |a 54 pages, 24 unnumbered pages :  |b digital, PDF file. 
336 |a text  |b txt  |2 rdacontent 
337 |a computer  |b c  |2 rdamedia 
338 |a unspecified  |b zu  |2 rdacarrier 
490 1 |a Monographs in aerospace history series ;  |v #4 
500 |a Reprint (with slight revised) of 1995 edition. 
500 |a Title from title screen (viewed on May 25, 2006). 
504 |a Includes bibliographical references. 
538 |a Mode of access: Internet from the NASA History Office web site. Address as of 5/25/06: http://history.nasa.gov/monograph4.pdf; current access is available via PURL. 
500 |a Electronic resource. 
650 0 |a Lunar landing sites. 
650 0 |a Orbital rendezvous (Space flight) 
651 0 |a Moon  |x Orbit. 
651 0 |a Moon  |x Exploration. 
710 1 |a United States.  |b National Aeronautics and Space Administration.  |b History Office. 
830 0 |a Monographs in aerospace history ;  |v no. 4. 
856 4 0 |u https://purl.fdlp.gov/GPO/LPS70219  |t 0 
999 |a MARS 
999 f f |s 9eebadcb-9e0b-3b8d-8a08-015532e311ab  |i 2b632891-0710-32cb-9686-c1d49b804a2b  |t 0 
952 f f |a Texas A&M University  |b College Station  |c Electronic Resources  |d Available Online  |t 0  |e NAS 1.2:EN 1/999  |h Superintendent of Documents classification 
998 f f |a NAS 1.2:EN 1/999  |t 0  |l Available Online